000
00261nam a2200109Ia 4500
100
_a
Machinery yellow back series
942
_c
BK
654
_a
Grinding
245
_a
Fine Grinding & Lapping No
260
_b
Machinery Publication & co
_c
2001
546
_a
ENGLISH
999
_c
21266
_d
21266